Normal view
MARC view
- Bluekraft digital foundation
Entry Personal Name
001 - CONTROL NUMBER
- control field: 203434
003 - CONTROL NUMBER IDENTIFIER
- control field: OSt
005 - DATE AND TIME OF LATEST TRANSACTION
- control field: 20230719115644.0
008 - FIXED-LENGTH DATA ELEMENTS
- fixed length control field: 230719|| aca||aabn | a|a d
040 ## - CATALOGING SOURCE
- Original cataloging agency: OSt
- Transcribing agency: OSt
100 ## - HEADING--PERSONAL NAME
- Personal name: Bluekraft digital foundation
670 ## - SOURCE DATA FOUND
- Source citation: Work cat.: (OSt)353599: Bluekraft digital foundation, Modi@20dreams meet delivery